What Can Be Learned from the History of Three Theaters

Titel: What Can Be Learned from the History of Three Theaters
Verfasser:
In: East central Europe, Band 37, Heft 1 (2010), Seite 118-124
alle Artikel anzeigen
Veröffentlicht: 2010
Format: Aufsatz
Sprache: Englisch
Kein Bild verfügbar
X
alg: 39489519
001A    $01999:12-11-16 
001B    $01999:03-08-21 $t21:05:55.000 
001C    $06050:19-11-16 $t08:42:09.000 
001D    $01999:12-11-16 
001U    $0utf8 
001X    $00 
002@    $0Aox 
003@    $0394895193 
007A    $0394895193 $aHEB 
007T    $0Herdc0082510m 
009P    $A2 $3zusätzliche Angaben $uhttp://dx.doi.org/10.1163/187633010X488317 
010@    $aeng 
011@    $a2010 
021A    $aWhat Can Be Learned from the History of Three Theaters 
028A    $aMusil $dJiří 
031A    $d37 $e1 $h118-124 $j2010 
039B    $aIn $8--Abvc--. East central Europe. - Leiden : Brill, 1974-. - ISSN 0094-3037 $x201000000370001882 $9047226099 
039T    $8--Aau--Ther, Philipp$Z1967- [Tp1]. In der Mitte der Gesellschaft. - Wien {[u.a.] : Oldenbourg, 2006. - 465 S.. - Ill.. - ISBN 3-486-57941-X $9176647805 
045F    $a900.94371 $eDDC23BSB 
045F/01 $a900 
045F/03 $g4371 
045F/03 $g438 
045T    $a7,41 

lok: 39489519 78

exp: 39489519 78 1 #EPN
201B/01 $026-11-17 $t03:50:57.000 
201U/01 $0utf8 
203@/01 $0791193772 
208@/01 $a12-11-16 $be 
209A/01 $a/ $f000 $x00 
220C/01 $aTitelaufnehmer: pg 
220C/01 $aHerkunft: HI Marburg 
244Z/01 $#Tschechien $#Tschechische Republik $#Tschechische Republik $#Tschechenland $#Tschechei Tschechien $#Česká Republika $#Czech Republic $#ČR $74303381-7 $8--Tg1--Tschechien $x01 $9086659812 
244Z/01 $2Trx $#Böhmen $#Bohemia $#Czechy $8--Trx--Čechy $x02 $9391188941 
244Z/01 $2Trx $#Poola $#Lenkija $#Polija $#Polen Land $#Poland $#Lengyelország $#Poľsko $#Polsko $8--Trx--Polska$gkraj $x03 $9391345966 
244Z/01 $2Trx $#arvustused $#recenzijos $#Reviews $#recenziók $#recenzje $#recenzie $#recenze $8--Trx--Rezensionen $x04 $9391357441 
244Z/01 $2Trx $8--Trx--elektronische Ressource $x05 $939138452X 
247C/01 $82080>Marburg/Lahn, Herder-Institut, Forschungsbibliothek, Bibliographieportal $9336309341
LEADER 00000caa a22000002c 4500
001 394895193
003 DE-603
005 20210803210555.0
007 tu
008 161112s2010 xx |||| | u00||u|eng c
035 |a (DE-599)HEB394895193 
040 |a DE-603  |b ger  |c DE-603  |d DE-603 
041 |a eng 
082 0 4 |8 1\u  |a 900.94371  |q DE-101  |2 23/BSB 
084 |a 7,41  |2 ssgn 
085 |8 1\u  |b 900 
085 |8 1\u  |z 2  |s 4371 
085 |8 1\u  |z 2  |s 438 
100 1 |a Musil, Jiří 
245 0 0 |a What Can Be Learned from the History of Three Theaters 
264 0 |c 2010 
773 0 8 |i In  |t East central Europe  |d Leiden : Brill, 1974-  |h 24 cm  |x 0094-3037  |g Band 37, Heft 1 (2010), Seite 118-124  |w (DE-603)047226099  |w (DE-600)190826-1 
787 0 8 |i Rezension von  |a Ther, Philipp, 1967-  |t In der Mitte der Gesellschaft  |d Wien ˜[u.a.] œ: Oldenbourg, 2006  |h 465 S., Ill.  |z 348657941X  |z 3702905413  |w (DE-603)176647805 
856 4 2 |u http://dx.doi.org/10.1163/187633010X488317  |3 zusätzliche Angaben 
924 0 |9 2080  |a (DE-603)791193772  |b DE-2080  |c HES  |d d  |g /